Manuel de géographie (Registro nro. 159285)
[ vista simple ]
| 000 -LEADER | |
|---|---|
| campo de control de longitud fija | 00782nam a22002175i 4500 |
| 001 - NÚMERO DE CONTROL | |
| campo de control | 159285 |
| 003 - IDENTIFICADOR DE NÚMERO DE CONTROL | |
| campo de control | ES-MaACL |
| 005 - FECHA Y HORA DE LA ÚLTIMA TRANSACCIÓN | |
| campo de control | 20250819174320.0 |
| 008 - DATOS DE LONGITUD FIJA--INFORMACIÓN GENERAL | |
| campo de control de longitud fija | 040909s1838 fr |||| | fre d |
| 040 ## - FUENTE DE CATALOGACIÓN | |
| Centro catalogador/agencia de origen | CAM |
| Lengua de catalogación | spa |
| Centro/agencia transcriptor | CAM |
| 100 1# - ENTRADA PRINCIPAL--NOMBRE DE PERSONA | |
| Nombre de persona | Meissas, Achille. |
| 9 (RLIN) | 129798 |
| 245 10 - MENCIÓN DEL TÍTULO | |
| Título | Manuel de géographie |
| Resto del título | : contenant les tableaux de géographie des mèmes auteurs / |
| Mención de responsabilidad, etc. | par Meissas et Michelot. |
| 250 ## - MENCION DE EDICION | |
| Mención de edición | 6e éd. |
| 260 ## - PUBLICACIÓN, DISTRIBUCIÓN, ETC. | |
| Lugar de publicación, distribución, etc. | Paris : |
| Nombre del editor, distribuidor, etc. | L. Hachette : |
| -- | Firmin Didot frères, |
| Fecha de publicación, distribución, etc. | 1838. |
| 300 ## - DESCRIPCIÓN FÍSICA | |
| Extensión | VIII, 133 p., [1] h. de lám. pleg. ; |
| Dimensiones | 14 cm. |
| 599 ## - NOTA A LAS ILUSTRACIONES | |
| NOTA A LAS ILUSTRACIONES | La h. de lám. representa planetas: "Moisy sculpts" |
| 650 07 - PUNTO DE ACCESO ADICIONAL DE MATERIA--TÉRMINO DE MATERIA | |
| Término de materia o nombre geográfico como elemento de entrada | Geografía |
| Fuente del encabezamiento o término | embne |
| 9 (RLIN) | 13070 |
| 700 1# - ENTRADA AGREGADA--NOMBRE PERSONAL | |
| Nombre de persona | Michelot, Auguste, |
| Fechas asociadas al nombre | 1792-1854 |
| 9 (RLIN) | 158474 |
| 852 ## - LOCALIZACIÓN | |
| Ubicación | ES-MaACL |
| Número de control de estantería | D-520 |
| Nota libre | -- Enc. cartón |
| Estatus retirado | Estado de pérdida | Estado de daño | No para préstamo | Colección | Biblioteca de origen | Biblioteca actual | Ubicación en estantería | Fecha de adquisición | Fuente de adquisición | Total de préstamos | Signatura topográfica completa | Código de barras | Visto por última vez | Precio de reemplazo | Tipo de ítem Koha |
|---|---|---|---|---|---|---|---|---|---|---|---|---|---|---|---|
| Libros del s. XIX | Biblioteca del Ateneo de Madrid | Biblioteca del Ateneo de Madrid | Sala Valle Inclán | 17/01/2008 | D-520 | 901166746 | 23/02/2023 | 23/02/2023 | Libro impreso antiguo |
